भारतीय संस्कृति को उड़ीसा की देन / (Record no. 119285)
[ view plain ]
| 000 -LEADER | |
|---|---|
| fixed length control field | 01497nam a22002777a 4500 |
| 005 - DATE AND TIME OF LATEST TRANSACTION | |
| control field | 20170124103131.0 |
| 010 ## - LIBRARY OF CONGRESS CONTROL NUMBER | |
| LC control number | A-912827 |
| 020 ## - INTERNATIONAL STANDARD BOOK NUMBER | |
| Terms of availability | 00.00 |
| International Standard Book Number | 8174871101 |
| 035 ## - SYSTEM CONTROL NUMBER | |
| System control number | A-912827 |
| 037 ## - SOURCE OF ACQUISITION | |
| Source of stock number/acquisition | Cen Lib/Ret |
| 040 ## - CATALOGING SOURCE | |
| Original cataloging agency | DPL |
| Language of cataloging | HN |
| 082 ## - DEWEY DECIMAL CLASSIFICATION NUMBER | |
| Classification number | 301.095454 |
| Item number | गुप्तन |
| 100 ## - MAIN ENTRY--PERSONAL NAME | |
| Personal name | गुप्त, नत्थू लाल |
| 9 (RLIN) | 7767 |
| 245 ## - TITLE STATEMENT | |
| Title | भारतीय संस्कृति को उड़ीसा की देन / |
| Statement of responsibility, etc | नत्थू लाल गुप्त, शंकर लाल पुरोहित [और] अशोक पाण्डेय |
| 246 ## - VARYING FORM OF TITLE | |
| Title proper/short title | Bhartiye sanskriti ko udeesa ki den / |
| Remainder of title | by Natthu Lal Gupta , Shankar Lal Purohit [aur] Ashok Pandey |
| 260 ## - PUBLICATION, DISTRIBUTION, ETC. (IMPRINT) | |
| Place of publication, distribution, etc | नई दिल्ली |
| Name of publisher, distributor, etc | राधा पब्लिकेशन्स |
| Date of publication, distribution, etc | 1997 |
| 270 ## - ADDRESS | |
| Address | 4378/4B, अंसारी रोड, दरियागंज |
| City | नई दिल्ली |
| Postal code | 110002 |
| 300 ## - PHYSICAL DESCRIPTION | |
| Extent | xii,289पृ. |
| Dimensions | 20सेमी(सजिल्द) |
| 650 ## - SUBJECT ADDED ENTRY--TOPICAL TERM | |
| Topical term or geographic name as entry element | उड़ीसा -- भाषा व साहित्य |
| 9 (RLIN) | 84186 |
| 650 ## - SUBJECT ADDED ENTRY--TOPICAL TERM | |
| Topical term or geographic name as entry element | उड़ीसा -- प्रमुख धार्मिक सम्प्रदाय |
| 9 (RLIN) | 84187 |
| 650 ## - SUBJECT ADDED ENTRY--TOPICAL TERM | |
| Topical term or geographic name as entry element | Orissa - Language and Literature |
| 9 (RLIN) | 84188 |
| 650 ## - SUBJECT ADDED ENTRY--TOPICAL TERM | |
| Topical term or geographic name as entry element | Orissa - major religious denomination |
| 9 (RLIN) | 84189 |
| 700 ## - ADDED ENTRY--PERSONAL NAME | |
| Personal name | पुरोहित, शंकर लाल |
| 9 (RLIN) | 84190 |
| 700 ## - ADDED ENTRY--PERSONAL NAME | |
| Personal name | पाण्डेय, अशोक |
| 9 (RLIN) | 84191 |
| 942 ## - ADDED ENTRY ELEMENTS (KOHA) | |
| Source of classification or shelving scheme | Dewey Decimal Classification |
| Koha item type | Hindi Books |
| Classification part | 301.095454 |
| Call number suffix | गुप्तन |
| Withdrawn status | Lost status | Damaged status | Not for loan | Home library | Current library | Date acquired | Source of acquisition | Cost, normal purchase price | Total Checkouts | Full call number | Barcode | Date last seen | Copy number | Cost, replacement price | Price effective from | Koha item type |
|---|---|---|---|---|---|---|---|---|---|---|---|---|---|---|---|---|
| Central Library | Central Library | 16/09/2015 | Cen Lib/Ret | 0.00 | 301.095454 गुप्तन | A-912827 | 16/09/2015 | 1 | 0.00 | 16/09/2015 | Hindi Books |
